Cultura y negocios <el> español de la economía española y latinoamericana
Enregistré dans:
| Auteur principal: | |
|---|---|
| Autres auteurs: | , , |
| Format: | Livre |
| Langue: | espagnol |
| Publié: |
Madrid
Edinumen
2010
|
| Édition: | 2.a edición |
| Sujets: | |
| Tags: |
Pas de tags, Soyez le premier à ajouter un tag!
|
MARC
| LEADER | 00000nam a2200000 4500 | ||
|---|---|---|---|
| 001 | 0242576 | ||
| 005 | 20240226134021.4 | ||
| 020 | |a 978-84-9848-218-8 | ||
| 020 | |a 978-84-95986-10-8 | ||
| 041 | 0 | |a spa | |
| 044 | |a ES | ||
| 245 | 1 | 0 | |a Cultura y negocios |b <el> español de la economía española y latinoamericana |c Ángel Felices ... [et al.] |
| 250 | |a 2.a edición | ||
| 264 | 1 | |a Madrid |b Edinumen |c 2010 | |
| 300 | |a 227 s. | ||
| 610 | 2 | 0 | |a jazykoveda |
| 610 | 2 | 0 | |a terminológia |
| 610 | 2 | 0 | |a komunikácia |
| 610 | 2 | 0 | |a jazyky cudzie |
| 610 | 2 | 0 | |a španielčina |
| 610 | 2 | 0 | |a odbornosť |
| 610 | 2 | 0 | |a kultúra |
| 610 | 2 | 0 | |a obchod |
| 610 | 2 | 0 | |a hospodárstvo národné |
| 610 | 2 | 0 | |a porovnanie medzinárodné |
| 610 | 2 | 0 | |a Španielsko |
| 610 | 2 | 0 | |a Latinská Amerika |
| 100 | 1 | |a Felices Lago, Ángel | |
| 700 | 1 | |a Iriarte, Emilio | |
| 700 | 1 | |a Núñez, Emilia | |
| 700 | 1 | |a Calderón, Ángeles M. | |